Εξέλιξη

Αποθηκεύτηκε σε:
Λεπτομέρειες βιβλιογραφικής εγγραφής
Κύριος συγγραφέας: Ροδάκης, Γεώργιος
Συγγραφή απο Οργανισμό/Αρχή: Ελληνικό Ανοικτό Πανεπιστήμιο
Μορφή: Βιβλίο
Γλώσσα:Greek
Δημοσίευση: Πάτρα : Ελληνικό Ανοικτό Πανεπιστήμιο, 2001
Θέματα:
Ετικέτες: Προσθήκη ετικέτας
Δεν υπάρχουν, Καταχωρήστε ετικέτα πρώτοι!

MARC

LEADER 00000cam a2200000 i 4500
001 1/40676
008 070206s2001 gre d
020 |a 960-538-243-1 (τ.Γ) 
035 |l 10086891 
040 |a GR-MY-UA  |b gre  |e aacr 
041 0 |a gre 
082 0 |a 576  |2 (22) 
100 1 |a Ροδάκης, Γεώργιος. 
245 1 0 |a Εξέλιξη /  |c Γεώργιος Κ. Ροδάκης ; Ελληνικό Ανοικτό Πανεπιστήμιο 
260 |a Πάτρα :   |b Ελληνικό Ανοικτό Πανεπιστήμιο,   |c 2001 
300 |a 303 σ.;  |b σχ., πιν., εικ., ;  |c 28εκ. 
500 |a Σχολή Θετικών Επιστημών και Τεχνολογίας, Πρόγραμμα Σπουδών: Σπουδές στις Φυσικές Επιστήμες, Θεματική Ενότητα: Γενετική 
504 |a Περιέχει βιβλιογραφία 
650 0 0 |a Biology. 
650 0 0 |a Genetics. 
650 0 0 |a Evolution (Biology) 
710 2 |a Ελληνικό Ανοικτό Πανεπιστήμιο. 
774 1 |t Γενετική 
852 |a INST  |b LESVOS  |e 20070206  |h 576 ΡΟΔ  |p 005100036716  |q 005100036716  |t BK  |y 0  |z τ.Γ 
852 |a INST  |b LESVOS  |e 20070206  |h 576 ΡΟΔ  |p 005100036716  |q 005100036716  |t BK  |v τ.Γ:  |y 0  |z τ.Γ 
853 |a INST  |b LESVOS  |h 576 ΡΟΔ 
901 |a BIBL1-2007-1 
909 |a Λ  |b 132001 
970 |a ΧΑΤΖΗΜΙΧΑΗΛ  |b ΜΑΡΙΑ  |z 2007/02/06